Movies Quiz

Random Movies or Christmas Quiz
Score 0/280 Timer 15:00
0 Plays Today
Answer % Correct
a
92.8%
a
92.8%
a
92.8%
and
92.8%
the
92.8%
and
92.8%
a
92.8%
and
92.8%
a
92.8%
and
92.8%
a
92.8%
and
92.8%
and
92.8%
a
92.8%
the
92.8%
and
92.8%
and
92.8%
and
92.8%
and
92.8%
and
92.8%
and
92.8%
a
92.8%
and
92.8%
a
92.8%
a
92.8%
a
92.8%
you
87.7%
you
87.7%
you
87.7%
You...
87.7%
you
87.7%
you
87.7%
you
87.7%
you,
87.7%
to
79%
to
79%
to
79%
to
79%
to
79%
to
79%
to
79%
no
77.4%
me,
73.3%
he
72.8%
he
72.8%
he
72.8%
He
72.8%
he
72.8%
he
72.8%
be!
71.8%
I
71.3%
in
71.3%
in
71.3%
in
71.3%
in
71.3%
my
70.8%
do
70.8%
my
70.8%
my
70.8%
Potter.
68.7%
Potter,
68.7%
it
68.7%
it
68.7%
it
68.7%
Potter---
68.7%
it
68.7%
on,
68.2%
Mr.
68.2%
of
68.2%
of
68.2%
Mr.
68.2%
of
68.2%
Mr.
68.2%
of
68.2%
of
68.2%
what
67.7%
what??
67.7%
man
67.2%
man,
67.2%
man
67.2%
that.
66.7%
that
66.7%
your
66.7%
that??
66.7%
that
66.7%
that
66.7%
that
66.7%
is
66.2%
father
65.1%
father
65.1%
this
63.1%
this
63.1%
this,
63.1%
this
63.1%
Answer % Correct
this
63.1%
when
62.6%
was
62.6%
know
62.6%
ever
62.6%
know.
62.6%
was...
62.6%
know
62.6%
ever
62.6%
Why
61%
loan
61%
why
61%
But
60.5%
can
60.5%
but
60.5%
But
60.5%
old
60%
old
60%
money
59%
did
59%
they...
59%
did
59%
they
59%
money
59%
they
59%
they...
59%
they
59%
Just
58.5%
Just....
58.5%
just
58.5%
Just
58.5%
just
58.5%
Just
58.5%
for
57.9%
never
57.4%
never
57.4%
so
57.4%
so!
57.4%
minute.
56.4%
minute.
56.4%
minute.
56.4%
minute
56.4%
Now
54.4%
Now
54.4%
You're
54.4%
you're
54.4%
were
53.8%
were
53.8%
say
53.3%
building
53.3%
say
53.3%
say
53.3%
people
52.8%
People
52.8%
have
51.8%
think
51.8%
didn't
51.3%
didn't
51.3%
than
51.3%
work
49.7%
I'll
49.2%
right
48.7%
right,
48.7%
all
48.7%
businessman.
47.7%
their
47.7%
their
47.7%
how
47.7%
hold
47.2%
save
47.2%
save
47.2%
save
47.2%
much
47.2%
much
47.2%
you'll
47.2%
wait
46.2%
Wait?
46.2%
Wait
46.2%
too
46.2%
him!
46.2%
said
45.6%
his
45.1%
his
45.1%
Uncle
45.1%
Uncle
45.1%
about---
45.1%
started
44.6%
started
44.6%
them
44.1%
them
44.1%
them?
44.1%
them
44.1%
die
44.1%
live
43.6%
Answer % Correct
home.
43.1%
Well,
43.1%
Well,
43.1%
Billy
42.6%
Billy?
42.6%
get
42.6%
they're
42.6%
they're
42.6%
out
42.1%
thought
41.5%
thought
41.5%
enough
41%
let
41%
with
41%
here.
41%
better
41%
better
41%
living
40.5%
up
39.5%
working
39.5%
working
39.5%
warped,
39.5%
frustrated
39%
send
38.5%
dying
38.5%
richer
38.5%
Isn't
37.9%
make
37.9%
make
37.9%
children
37.9%
once
36.9%
school,
36.9%
had
36.9%
help
36.4%
few
36.4%
slums,
36.4%
long
36.4%
most
36.4%
thing,
35.9%
Harry
35.9%
died
35.9%
life
35.4%
himself!
34.9%
wrong
34.9%
ago---
34.9%
takes
34.9%
alone
34.4%
because
33.8%
what's
33.8%
grow
33.8%
years
33.3%
anything
32.8%
even
32.8%
decent
32.8%
leave
32.8%
decent
32.8%
character,
32.3%
cattle!
32.3%
Until
31.8%
Until
31.8%
Doesn't
31.3%
Doesn't
31.3%
talking
31.3%
book
31.3%
bath??
30.8%
rooms
30.3%
penny-ante
29.7%
else
28.2%
against
28.2%
since
28.2%
before
28.2%
down
28.2%
pay
28.2%
nor
27.7%
25
27.7%
$5,000??
27.7%
citizens?
26.7%
couple
26.7%
anybody
26.2%
whole
26.2%
businessmen
26.2%
remember
26.2%
rabble
26.2%
neither
25.6%
cheap
25.1%
human
25.1%
customers?
24.6%
beings
24.6%
paying
23.6%
broken
23.1%
community.
22.1%
Anyway,
22.1%
Remove Ads.
Support Sporcle.
Get the best of Sporcle when you Go Orange. This ad-free experience offers more features, more stats, and more fun while also helping to support Sporcle. Thank you for becoming a member.

You're not logged in!

Compare scores with friends on all Sporcle quizzes.
OR
Log In

Show Comments

Extras

Top Quizzes Today


Score Distribution

Your Account Isn't Verified!

In order to create a playlist on Sporcle, you need to verify the email address you used during registration. Go to your Sporcle Settings to finish the process.

Report this User

Report this user for behavior that violates our Community Guidelines.

Details: